000 00591nam a2200181 i 4500
001 69980
003 ES-MaACL
005 20240228172243.0
007 t|
008 040714s1925 sp ||||1| spa d
100 1 _aGarcía Martí, Victoriano,
_d1881-1966
_954896
245 1 0 _aVerdades sentimentales /
_cVictoriano García Martí ; con un estudio crítico de Cansinos Asséns.
260 _aMadrid :
_b[s.n.,
_c1925] (
_fYagües)
300 _a213 p. ;
_c20 cm.
700 1 _aCansinos Asséns, Rafael,
_d1882-1964
_934616
852 _aES-MaACL
_jF-7210
999 _c69980
_d69980